LEADER 01206nam 2200421 450 001 9910466199703321 005 20200520144314.0 010 $a1-78720-211-9 035 $a(CKB)3710000001152614 035 $a(MiAaPQ)EBC4831149 035 $a(Au-PeEL)EBL4831149 035 $a(CaPaEBR)ebr11366405 035 $a(OCoLC)981967617 035 $a(EXLCZ)993710000001152614 100 $a20190124d2016 uy 0 101 0 $aeng 135 $aurcnu|||||||| 181 $ctxt$2rdacontent 182 $cc$2rdamedia 183 $acr$2rdacarrier 200 10$aWilliam Cobbett /$fby W. Baring Pemberton 210 1$a[Place of publication not identified] :$cPickle Partners Publishing,$d[2016] 210 4$dİ2016 215 $a1 online resource (119 pages) 606 $aPoliticians$zGreat Britain$vBiography 606 $aJournalists$zGreat Britain$vBiography 608 $aElectronic books. 615 0$aPoliticians 615 0$aJournalists 676 $a941.0730924 700 $aPemberton$b W. Baring$0681679 801 0$bMiAaPQ 801 1$bMiAaPQ 801 2$bMiAaPQ 906 $aBOOK 912 $a9910466199703321 996 $aWilliam Cobbett$92030386 997 $aUNINA LEADER 01454nam a2200385 i 4500 001 991002998829707536 005 20020509110315.0 008 950209s1976 it ||| | ita 020 $a8842045896 035 $ab11092853-39ule_inst 035 $aPARLA173070$9ExL 040 $aDip.to Filosofia$bita 082 0 $a320.1 100 1 $aEuchner, Walter$0184803 245 13$aLa filosofia politica di Locke /$cWalter Euchner ; introduzione di Giuseppe Bedeschi 260 $aBari :$aRoma ; Bari :$bLaterza,$c1976 300 $aVII, 336 p. ;$c21 cm 300 $aXIX, 335 p. ;$c22 cm. 490 0 $aBiblioteca di cultura moderna ;$v788 490 0 $aBiblioteca Universale Laterza ;$v426 500 $aTrad. K. Tenenbaum 500 $aTit. orig.: Naturrecht und Politik bei John Locke 650 4$aFilosofia politica 650 4$aLocke, John 650 4$aLocke, John$xPensiero politico 700 1 $aTenenbaum, Katia 700 1 $aBedeschi, Giuseppe 740 0 $aNaturrechund politik bei John Locke 907 $a.b11092853$b23-02-17$c28-06-02 912 $a991002998829707536 945 $aLE005IF VI E 63$g1$i2005000072833$lle005$o-$pE0.00$q-$rl$s- $t0$u3$v4$w3$x0$y.i1122535x$z28-06-02 945 $aLE005 MF 10 M 17$g1$i2005000203305$lle005$o-$pE0.00$q-$rl$s- $t0$u1$v3$w1$x0$y.i11225361$z28-06-02 996 $aFilosofia politica di Locke$9616241 997 $aUNISALENTO 998 $ale005$b01-01-95$cm$da $e-$fita$git $h3$i2 LEADER 02320oam 2200649M 450 001 9910716251103321 005 20200213070510.4 035 $a(CKB)5470000002519614 035 $a(OCoLC)1065781806 035 $a(OCoLC)995470000002519614 035 $a(EXLCZ)995470000002519614 100 $a20071213d1926 ua 0 101 0 $aeng 135 $aurcn||||||||| 181 $ctxt$2rdacontent 182 $cc$2rdamedia 183 $acr$2rdacarrier 200 10$aRegulation of radio communications. February 27, 1926. -- Committed to the Committee of the Whole House on the State of the Union and ordered to be printed 210 1$a[Washington, D.C.] :$c[U.S. Government Printing Office],$d1926. 215 $a1 online resource (32 pages)$ctables 225 1 $aHouse report / 69th Congress, 1st session. House ;$vno. 404 225 1 $a[United States congressional serial set] ;$v[serial no. 8532] 300 $aMinority report, p. 6. 300 $aAppendix, p. 24. 300 $aBatch processed record: Metadata reviewed, not verified. Some fields updated by batch processes. 300 $aFDLP item number not assigned. 606 $aCensorship 606 $aInterstate commerce 606 $aMonopolies 606 $aPatents 606 $aRadio broadcasting 606 $aRadio stations$xLicenses 606 $aRadio frequency allocation 606 $aRadio stations 606 $aRadio 606 $aTelecommunication policy 608 $aLegislative materials.$2lcgft 615 0$aCensorship. 615 0$aInterstate commerce. 615 0$aMonopolies. 615 0$aPatents. 615 0$aRadio broadcasting. 615 0$aRadio stations$xLicenses. 615 0$aRadio frequency allocation. 615 0$aRadio stations. 615 0$aRadio. 615 0$aTelecommunication policy. 701 $aDavis$b Ewin Lamar$f1876-1949$pDemocrat (TN)$01406901 701 $aScott$b Frank Douglas$f1878-1951$pRepublican (MI)$01401902 801 0$bWYU 801 1$bWYU 801 2$bOCLCO 801 2$bOCLCQ 906 $aBOOK 912 $a9910716251103321 996 $aRegulation of radio communications. February 27, 1926. -- Committed to the Committee of the Whole House on the State of the Union and ordered to be printed$93486959 997 $aUNINA